Catalog

Record Details

Catalog Search



This is the door : the body, pain, and faith / ... Read More

Steinke, Darcey,(author., Author, Author).

Available copies

  • 1 of 2 copies available at LARL/NWRL Consortium. (Show)
  • 1 of 2 copies available at Lake Agassiz Regional Library.

Current holds

1 current hold with 2 total copies.

Show Only Available Copies
Location Call Number / Copy Notes Barcode Shelving Location Status Due Date
Ada Public Library 616.0472 STE (Text) 33500014354138 New On holds shelf -
Bagley Public Library 616.0472 STE (Text) 33500014354146 New Available -

Record details

  • ISBN: 9780063289161
  • ISBN: 0063289164
  • ISBN: 9780063289178
  • ISBN: 0063289172
  • Physical Description: xviii, 265 pages : illustrations ; 22 cm
  • Edition: First edition.
  • Publisher: New York, NY : HarperOne, an imprint of HarperCollins Publishers, [2026]

Content descriptions

Bibliography, etc. Note:
Includes bibliographical references.
Formatted Contents Note:
Spine -- Knees -- Heart -- Brain -- Skin -- Breast ... Read More
Summary, etc.:
"Darcey Steinke, acclaimed author of Flash Count ... Read More
Subject: Steinke, Darcey > Health.
Pain > History.
Pain > Religious aspects.
Pain > Psychological aspects.
Chronic pain > Patients.
LDR 03855cam a22005778i 4500
001482048
003LARL_NWRL_CONSORTIUM
00520260326205224.0
008260225t20262026nyua e b 000 0deng
007ta
010 . ‡a 2025049648
040 . ‡aDLC ‡beng ‡erda ‡cDLC ‡dTOH ‡dGP5 ‡dIFK ‡dOCLCO ‡dYEP
020 . ‡a9780063289161 ‡q(hardcover)
020 . ‡a0063289164
020 . ‡a9780063289178 ‡q(trade paperback)
020 . ‡a0063289172
020 . ‡z9780063289185 ‡q(ebk)
035 . ‡a(OCoLC)1557407524
042 . ‡apcc
08204. ‡a616/.0472 ‡223/eng/20260305
1001 . ‡aSteinke, Darcey, ‡eauthor. ‡4aut ‡4http://id.loc.gov/vocabulary/relators/aut ‡1https://id.oclc.org/worldcat/entity/E39PBJcrhkKdx48dVWbhFJQH4q ‡1http://id.loc.gov/rwo/agents/n88013421
24510. ‡aThis is the door : ‡bthe body, pain, and faith / ‡cDarcey Steinke.
24630. ‡aBody, pain, and faith
250 . ‡aFirst edition.
264 1. ‡aNew York, NY : ‡bHarperOne, an imprint of HarperCollins Publishers, ‡c[2026]
264 4. ‡c©2026
300 . ‡axviii, 265 pages : ‡billustrations ; ‡c22 cm
334 . ‡asingle unit ‡bmono ‡0http://id.loc.gov/vocabulary/issuance/mono
336 . ‡atext ‡btxt ‡2rdacontent ‡0http://id.loc.gov/vocabulary/contentTypes/txt
337 . ‡aunmediated ‡bn ‡2rdamedia ‡0http://id.loc.gov/vocabulary/mediaTypes/n
338 . ‡avolume ‡bnc ‡2rdacarrier ‡0http://id.loc.gov/vocabulary/carriers/nc
353 . ‡abibliography ‡bbibliography ‡0http://id.loc.gov/vocabulary/msupplcont/bibliography
504 . ‡aIncludes bibliographical references.
50500. ‡tSpine -- ‡tKnees -- ‡tHeart -- ‡tBrain -- ‡tSkin -- ‡tBreast -- ‡tHeartache -- ‡tSuffering -- ‡tSoul -- ‡tHealing.
520 . ‡a"Darcey Steinke, acclaimed author of Flash Count Diary and Suicide Blonde, explores the world of pain for those who suffer and those who love them. One-fifth of Americans live in chronic pain. In some form--chronic or temporary, corporal or emotional--pain is a state we will all endure. Darcey Steinke gets to the heart of pain with her usual brilliance, humor, and empathy. In chapters that trace the body--The Spine, The Heart, The Knees, and more--she takes sufferers into the understandings of pain through history, philosophy, religion, pop culture, and reporter human experience. Steinke takes readers under the knife, through the archives, and across oceans. She interviews working physicians, analyzes the writings of Frida Kahlo, recounts her own back surgery, and journeys to Lourdes, where she finds herself invited to help. Taking on a subject relevant to us all--whether we are hurting or know someone who is--This Is the Door illuminates the experience of pain and its myriad effects on the body, mind, and soul. For readers of Joan Didion, C. S. Lewis, Sheila Heti, and Leslie Jamison, it is destined to become a classic"-- Provided by publisher.
60010. ‡aSteinke, Darcey ‡xHealth.
650 0. ‡aPain ‡xHistory.
650 0. ‡aPain ‡xReligious aspects.
650 0. ‡aPain ‡xPsychological aspects.
650 0. ‡aChronic pain ‡xPatients.
758 . ‡1http://id.loc.gov/resources/instances/in00024482049
758 . ‡4http://id.loc.gov/ontologies/bibframe/instanceOf ‡1http://id.loc.gov/resources/works/in00024482049
77608. ‡iOnline version ‡4http://id.loc.gov/entities/relationships/onlineversion ‡aSteinke, Darcey ‡tThis is the door ‡bFirst edition ‡dNew York, NY : HarperOne, an imprint of HarperCollins Publishers, [2026] ‡z9780063289185 ‡w(DLC) 2025049649
884 . ‡aDLC bibframe2marc v3.1-dev ‡g20260225 ‡qDLC ‡uhttps://github.com/lcnetdev/bibframe2marc/tree/v3.1-dev
905 . ‡uvanderl
901 . ‡a482048 ‡bAUTOGEN ‡c482048 ‡tbiblio ‡soclc

Additional Resources